000 00593cam a22002052 4500
001 0000019124
005 20151217145911.0
008 100921s xx 000 0 eng d
020 _a0406517708 :
040 _aKABU
_cKABU
100 1 _aCotterrell, Roger.
_@0000178776
245 1 4 _aThe Sociology of law :
_ban introduction /
_c1992.
250 _a2nd ed.
260 _aLondon :
_bButterworths,
_c1992.
300 _axv, 398 p.
650 0 _aSociological jurisprudence.
_@0000153285
852 1 _9p7550 KES
908 _a100921
950 _@1
999 _c3879
_d3879